The Library marketing toolkit.
| Main Author: | |
|---|---|
| Format: | Book |
| Published: |
London:
Facet,
2012.
|
| Subjects: |
| LEADER | 00393cam a2200145 7i4500 | ||
|---|---|---|---|
| 001 | 0000032515 | ||
| 005 | 20150907090000.0 | ||
| 020 | 0 | 0 | |a 9781856048064 |
| 090 | 0 | 0 | |a B 021.7 |b POT |
| 100 | 1 | 0 | |a Potter, Ned |
| 245 | 1 | 4 | |a The Library marketing toolkit. |
| 260 | 0 | 0 | |a London: |b Facet, |c 2012. |
| 300 | # | # | |a 218 pages. |
| 650 | 0 | 0 | |a Libraries -- |x Marketing |
| 999 | |a B000036669 |b Book |c Book |e Business Information Centre | ||


